| 000 | 00612nam a22002057a 4500 | ||
|---|---|---|---|
| 999 |
_c7937 _d7937 |
||
| 001 | 7937 | ||
| 003 | BD-JhCC | ||
| 005 | 20180215163744.0 | ||
| 008 | 180215b1965 bg ||||| |||| 00| 0 ben d | ||
| 035 | _a(BD-JhCC)7937 | ||
| 040 |
_aBD-JhCC _dBD-JhCC |
||
| 041 | _aben | ||
| 082 |
_a309 _b1965 |
||
| 100 | _aআকরাম, খাঁ মোহাম্মদ | ||
| 245 |
_aমোছলেম বঙ্গের সামাজিক ইতিহাস / _c মোহাম্মদ আকরাম খাঁ |
||
| 300 |
_a206 p. : _c22 cm. |
||
| 650 | _aSocil History | ||
| 942 |
_2ddc _cBK |
||